Quizzes
Events
Quiz Creation
Community
Videos
Private Events
Remove Ads
Sign In
Join for FREE
Feedback
Dark Mode
Quiz Categories
Sports
Geography
Music
Movies
Television
Just For Fun
Miscellaneous
History
Literature
Language
Science
Gaming
Entertainment
Religion
Holiday
For Kids
Quiz Lab
Recent
Popular Today
Quiz Kudos Today
Editor Picks
Curator Picks
Quizzes by...
Day
Popularity
Type
Ratings
Length
Year
Community
Subscriptions
Recent Discussions
Orange Saloon
Badges
Playlists
Quests
Create
Leaderboards
Showdown
Live 5
Trivia Bingo
Activity
Puzzle Library
Sporcle Events
Private Events
Virtual Trivia
Globe League
Become a Host
Pub Owners
SporcleCon
Opinionation
Our Games
Videos
Blog
Mobile Apps
Partnerships
Remove Ads and Go Orange
Feedback
Music
Pop Music
The Beatles
Song
Album
Lyrics
Bands
Singers
Artist
Clip
Rock
Rap
Classical
Billboard
Country Music
Kpop
Taylor Swift
Music
Pop Music
The Beatles
Song
Album
Lyrics
Bands
Singers
Artist
Clip
Rock
Rap
Classical
Billboard
Country Music
Kpop
Taylor Swift
Random Quiz
Search Sporcle
×
Quiz Lab
Quiz Lab
Music
Lyrics
Type in answers that appear in a list
Type in answers that appear in a list
Classic
Best Score? Go Orange.
You're my Star lyrics Stats
Can you name the lyrics to You're my Star by Stereophonics??
By
sportandindie
10m
206 Questions
126 Plays
126 Plays
126 Plays
Comments
Comments
Give Quiz Kudos
Give Quiz Kudos
-
- Ratings
hide this ad
Replay
Link that replays current quiz
Next Quiz
Link to next quiz in quiz playlist
You Got
0%
They Got
Avg Score
82%
Avg Friend Score
Upgrade to see
Score Distribution
Jump to the score distribution portion of the page
Score
0/206
Timer
10:00
0
Plays Today
% Correct
my
100%
my
100%
my
100%
my
100%
my
100%
my
100%
my
100%
my
100%
my
100%
my
100%
my
100%
my
100%
my
100%
my
100%
You
99.2%
And
99.2%
And
99.2%
a
99.2%
the
99.2%
And
99.2%
you
99.2%
a
99.2%
the
99.2%
you
99.2%
a
99.2%
you
99.2%
and
99.2%
a
99.2%
the
99.2%
You
99.2%
You
99.2%
You
99.2%
your
98.4%
your
98.4%
your
98.4%
your
98.4%
your
98.4%
your
98.4%
star
96.8%
star
96.8%
star
96.8%
star
96.8%
I
96%
You're
95.2%
you're
95.2%
You're
95.2%
You're
95.2%
you're
95.2%
You're
95.2%
You're
95.2%
You're
95.2%
you're
95.2%
you're
95.2%
we
92.9%
Monday
91.3%
Monday
91.3%
Monday
91.3%
me
90.5%
me
90.5%
me
90.5%
me
90.5%
me
90.5%
me
90.5%
Friday
89.7%
it
89.7%
Friday
89.7%
it
89.7%
It
89.7%
Friday
89.7%
% Correct
it
89.7%
alive
88.9%
come
88.9%
Tuesday
88.9%
come
88.9%
alive
88.9%
Tuesday
88.9%
come
88.9%
alive
88.9%
Tuesday
88.9%
alive
88.9%
come
88.9%
alive
88.9%
come
88.9%
alive
88.9%
come
88.9%
Sunday
88.1%
make
88.1%
day
88.1%
Wednesday's
88.1%
Sunday
88.1%
make
88.1%
day
88.1%
Wednesday's
88.1%
an
88.1%
Sunday
88.1%
make
88.1%
day
88.1%
Wednesday's
88.1%
make
88.1%
make
88.1%
make
88.1%
Thursday's
87.3%
Thursday's
87.3%
Thursday's
87.3%
like
86.5%
like
86.5%
new
86.5%
like
86.5%
new
86.5%
like
86.5%
new
86.5%
just
85.7%
up
85.7%
night
85.7%
Just
85.7%
up
85.7%
night
85.7%
just
85.7%
Just
85.7%
up
85.7%
night
85.7%
raining
84.1%
then
84.1%
raining
84.1%
Then
84.1%
raining
84.1%
Then
84.1%
in
83.3%
all
83.3%
at
83.3%
weekend
83.3%
At
83.3%
in
83.3%
all
83.3%
at
83.3%
weekend
83.3%
in
83.3%
all
83.3%
% Correct
at
83.3%
weekend
83.3%
wakes
81.7%
wakes
81.7%
wakes
81.7%
ends
81%
ends
81%
ends
81%
see
78.6%
see
78.6%
yearning
77.8%
yearning
77.8%
yearning
77.8%
with
77%
fly
76.2%
eyes
76.2%
wings
75.4%
win
75.4%
angels
73.8%
blood
73.8%
everything
73.8%
veins
73%
for
72.2%
to
72.2%
to
72.2%
for
72.2%
to
72.2%
for
72.2%
got
71.4%
shine
70.6%
diamond
70.6%
rings
69%
they
67.5%
is
67.5%
is
67.5%
You've
65.1%
times
62.7%
have
61.9%
imagination
61.9%
It's
61.1%
right
60.3%
that
59.5%
that
59.5%
education
59.5%
that
59.5%
cave
57.9%
are
57.9%
yes
57.1%
mind
57.1%
mind
57.1%
love
55.6%
watching
54.8%
heart
54%
fascination
52.4%
But
48.4%
live
48.4%
fight
46.8%
songs
46%
dreams
45.2%
racing
45.2%
What's
44.4%
forever
42.9%
sets
42.9%
blows
41.3%
this
40.5%
thrill
38.1%
May
37.3%
sign
9.5%
Quiz Playlist
Details
Report
Send in Message
Add To Playlist
Classic:
Type in answers that appear in a list
Last Updated: Feb 16, 2017
Quiz Scoreboard
CHALLENGE
Sign Up to Join the Scoreboard
Show All
Scores
Hide
Comments
May contain spoilers
Recently Published
Movies - When Are They Set?
by FPL_Elf
Movies
5m
Popular People in 1961
by mucciniale
History
6m
1-10 Letter E Words III
by El_Dandy
Language
2m
More to Explore
Quiz From the Vault
Featured Blog Post
Where Did the Easter Bunny Come From?
hide this ad
You Might Also Like...
Tags
Lyrics Quiz
Today's Top Quizzes in Music
Browse Music
hide this ad
Today's Top Quizzes in Lyrics
Browse Lyrics
Top Contributed Quizzes in Music
1
Taylor Swift All Songs (2024)
2
2010s Album by Cover III
3
One Thing in Common: Music
4
Guess the Artist- 70s Songs
5
Taylor Swift Logic Puzzle
6
Guess the Taylor Swift song (Mystery Song)
7
2010s Album by Cover IV
8
2010s Album by Cover V
9
KPOP LOGIC QUIZ
10
2010s Album by Cover VI
Explore More
Trending Topics
Harry Potter
Kpop
Disney
Anime
Marvel
Crossword
NBA
NFL
WWE
Soccer
The Office
Pokémon
Country
Song
Puzzle
hide this ad
More By:
sportandindie
Quiz
Plays
Rating
Category
Featured
Created
Arctic Monkeys Songs
446
3.33
Music
Dec 3, 2011
Tallest Barclays Premier League Players
265
Sports
Nov 26, 2011
Euro 2012 teams
188
Sports
Dec 2, 2011
Top Premier League goalscorers 2011-12
180
2.00
Sports
Nov 26, 2011
Little by Little lyrics
154
5.00
Music
Aug 27, 2012
Go to Creator's Profile
Score Distribution
Quiz Creator Spotlight
sportandindie
Follow
Send a Message
Quizzes Created
-
Created Quiz Play Count
-
More By This Creator
Popular Quizzes Today
1
Find the Countries of Europe - No Outlines Minefield
2
Find the US States - No Outlines Minefield
3
The Countries of the World
4
Popular People in 1961
5
US States
6
1-10 Letter E Words III
7
Find the US States
8
One Thing in Common: World Cities II
More Music Quizzes
Rolling Stone's Top 100 Pop Songs
Published
Trending Quizzes
Risky Map Clicking: Least Populous States A-Z
1-10 Letter F Words
Humor Books: The Subtitles
1-10 Letter G Words
One Thing in Common: United Kingdom
Recently Updated
Leaping Animals
pecheneg
Reality TV Shows (A-Z)
bhenderson79
Rickey Henderson's Hall of Fame Teammates
pecheneg
Champions League XIs: Arsenal
pecheneg
Quick Pick: Celebrities in WWE's Hall of Fame
aduchscher
A-Z Keypad Blitz II
pecheneg
Multiple Oscar Actors
pecheneg
Mystery Phrase Blitz: Oscar 'Best Actors'
pecheneg
F. Scott Fitzgerald Novels
LTH
Pick 3 Villains
ddd62291
Trending Topics
Disney
Marvel
Crossword
NBA
Kpop
Harry Potter
Anime
Pokémon
WWE
Country
The Office
Song
Puzzle
NFL
Soccer
Your Account Isn't Verified!
In order to create a playlist on Sporcle, you need to verify the email address you used during registration. Go to your
Sporcle Settings
to finish the process.
Report this User
Report this user for behavior that violates our
Community Guidelines
.
Details:
Send Report
Go to the Sporcle.com Mobile Site →
Comments